000
00237nam a2200097Ia 4500
008
190216s9999||||xx |||||||||||||| ||und||
100
_a
Hugh Dalton
245
0
_a
Principles Of Public Finance
260
_b
Routledge & Kegan Paul
942
_c
BK
999
_c
9201
_d
9201